Central Library OPAC University of Rajshahi

Diffusion of the decision to irrigate : (Record no. 14307)

MARC details
000 -LEADER
fixed length control field 00928cam a22002651 4500
001 - CONTROL NUMBER
control field 14307
003 - CONTROL NUMBER IDENTIFIER
rucl marc code BD-RjUL
005 - DATE AND TIME OF LATEST TRANSACTION
control field 20211208235615.0
008 - FIXED-LENGTH DATA ELEMENTS--GENERAL INFORMATION
fixed length control field 140205s1965 ilub b 000 0 eng
035 ## - SYSTEM CONTROL NUMBER
System control number (BD-RjUL)14359
System control number (OCoLC)166908
040 ## - CATALOGING SOURCE
Original cataloging agency DLC
Transcribing agency ODaWU
Modifying agency BD-RjUL
Language of cataloging eng
041 ## - LANGUAGE CODE
Language code of text/sound track or separate title eng
082 ## - DEWEY DECIMAL CLASSIFICATION NUMBER
Classification number 333.9130184
Author mark and year BOD 1965
100 1# - MAIN ENTRY--PERSONAL NAME
Personal name Bowden, Leonard W.
9 (RLIN) 44669
245 10 - TITLE STATEMENT
Title Diffusion of the decision to irrigate :
Remainder of title simulation of the spread of a new resource management practice in the Colorado northern high plains /
Statement of responsibility, etc. Leonard W. Bowden.
260 ## - PUBLICATION, DISTRIBUTION, ETC. (IMPRINT)
Place of publication, distribution, etc. Chicago :
Name of publisher, distributor, etc. Dept. of Geography, University of Chicago,
Date of publication, distribution, etc. 1965.
300 ## - PHYSICAL DESCRIPTION
Pagination xxvii, 146 p. :
Illustrations ill. :
Size 23 cm.
490 ## - SERIES STATEMENT
Series statement University of Chicago. Dept. of Geography. Research paper
Volume/sequential designation no. 97
504 ## - BIBLIOGRAPHY, ETC. NOTE
Bibliography, etc Include bibliography.
650 #0 - SUBJECT ADDED ENTRY--TOPICAL TERM
Topical term or geographic name as entry element Irrigation
Geographic subdivision Colorado.
9 (RLIN) 44670
942 ## - ADDED ENTRY ELEMENTS (KOHA)
Source of classification or shelving scheme Dewey Decimal Classification
Koha item type Books
Holdings
Lost status Source of classification or shelving scheme Damaged status Not for loan Collection code Permanent Location Current Location Shelving location Date acquired Source of acquisition Cost, normal purchase price Total Checkouts Full call number Date last seen Copy number Koha item type
  Dewey Decimal Classification   Not For Loan Non-fiction Central Library, University of Rajshahi Central Library, University of Rajshahi Reading Room 03/06/2067 Sweets and Zeitlinger. 3.00   333.9130184 BOD 1965 05/02/2014 C-1 Books